000 00316nam a22001337a 4500
008 171010b xxu||||| |||| 00| 0 eng d
020 _a0534525717
041 _aeng
080 _23RD
_a316
100 _a50
101 _aSOC
245 _aRESEARCH METHODS FOR GENERALIST SOCIAL WORK
_cMARLOW,CH.R
942 _2udc
_cBK
999 _c32759
_d32759